000 00357 a2200145 4500
001 170374
020 _a
040 _cMagnum
100 _aAshworth, Julie
240 1 0 _aThe hunt for goldilocks - story activity book
_lING
245 1 0 _aThe hunt for goldilocks - story activity book
362 0 _a1899
697 _aLITERATURA ESTRANGEIRA
942 _cBK
999 _c170374
_d170374